000 00645nam a2200265 a 4500
003 AR-BaBNM
005 20251128205903.0
008 082120s2002 ||||||||||||||000 | spa||
020 _a950-557-019-8
040 _cAR-BaBNM
100 1 _aLondon, Jack
245 0 0 _aAntes de Adán
250 _a1ª ed.
260 _aMéxico, D.F.
_bFondo de Cultura Económica
_c1987
300 _a161 p.
490 0 _aBiblioteca actual
650 4 _aREALISMO
650 4 _aLITERATURA ESTADOUNIDENSE
650 4 _aPREHISTORIA
653 _aNOVELA DE AVENTURAS
653 _aNARRATIVA
655 _aLITERATURA
942 _cBK
998 _cMARTIN
999 _c13158
_d13158